Phylogenetic relationships of Scotussa and Leiotettix (Orthoptera: Acrididae) (Registro nro. 12534)

Detalles MARC
000 -CABECERA
Campo de control 006380000a22002170004500
090 ## - CLASIFICACIÓN LOCAL
Colección AR
Consecutivo 03484
041 0# - IDIOMA
Código de idioma para texto/pista de sonido o título separado
100 1# - ASIENTO PRINCIPAL--NOMBRE PERSONAL
Nombre personal Cigliano, María Marta
245 10 - MENCION DE TITULO
Título Phylogenetic relationships of Scotussa and Leiotettix (Orthoptera: Acrididae)
650 14 - ASIENTO SECUNDARIO DE MATERIA - TERMINO TEMATICO
Término temático o nombre geográfico como elemento de entrada Entomología
650 14 - ASIENTO SECUNDARIO DE MATERIA - TERMINO TEMATICO
Término temático o nombre geográfico como elemento de entrada Cladística
650 14 - ASIENTO SECUNDARIO DE MATERIA - TERMINO TEMATICO
Término temático o nombre geográfico como elemento de entrada Sistemática animal
650 14 - ASIENTO SECUNDARIO DE MATERIA - TERMINO TEMATICO
Término temático o nombre geográfico como elemento de entrada Filogenética
650 14 - ASIENTO SECUNDARIO DE MATERIA - TERMINO TEMATICO
Término temático o nombre geográfico como elemento de entrada Acridiología
653 ## - TERMINO DE INDIZACION - NO CONTROLADO
-- Scotussa
653 ## - TERMINO DE INDIZACION - NO CONTROLADO
-- Leiotettix
700 1# - ASIENTO SECUNDARIO - NOMBRE PERSONAL
Nombre personal Ronderos, Ricardo A.
700 1# - ASIENTO SECUNDARIO - NOMBRE PERSONAL
Nombre personal Kemp, William P.
773 1# - Item fuente:
Título Cladistics
Paginas del Articulo 125-138
Lugar, editorial y fecha de publicación 1996
Información sobre la relación 12
942 ## - ELEMENTOS ADICIONALES (KOHA)
Tipo de ítem Artículo
Existencias
Withdrawn status Lost status Damaged status No para préstamo Colección Ubicación Permanente Ubicación actual Fecha de adquisición Datos de publicación Seriada Total Checkouts Número topográfico Inventario / Código de Barras Date last seen Price effective from Forma de adquisición Tipo de material
      No para Préstamo Hemeroteca Bogotá Bogotá 27/02/2015 Fuera de circulación   AR 03484 014394 25/03/2015 25/03/2015   Artículo